Search the Library Catalogue
| 000 -LEADER | |
|---|---|
| fixed length control field | 00411nam a22001577a 4500 |
| 008 - FIXED-LENGTH DATA ELEMENTS--GENERAL INFORMATION | |
| fixed length control field | 260318b |||||||| |||| 00| 0 eng d |
| 020 ## - INTERNATIONAL STANDARD BOOK NUMBER | |
| ISBN | 9780714649450 |
| Paper back/Hardbound | hbk |
| 082 ## - DEWEY DECIMAL CLASSIFICATION NUMBER | |
| Classification number | 327.4601822 |
| Item number | REI |
| 100 ## - MAIN ENTRY--AUTHOR NAME | |
| Personal name | Rein Raanan |
| 245 ## - TITLE STATEMENT | |
| Title | Spain and the Mediterranean Since 1898 |
| Statement of responsibility, etc | / Raanan Rein |
| 260 ## - PUBLICATION, DISTRIBUTION, ETC. (IMPRINT) | |
| Name of publisher | Routledge |
| Year of publication | 1999. |
| 300 ## - PHYSICAL DESCRIPTION | |
| Number of Pages | 255 pages,; |
| 504 ## - BIBLIOGRAPHY, ETC. NOTE | |
| Bibliography, etc | Includes index |
| 942 ## - ADDED ENTRY ELEMENTS (KOHA) | |
| Koha item type | Reference |
| Withdrawn status | Lost status | Damaged status | Not for loan | Home library | Current library | Shelving location | Date acquired | Full call number | Accession Number | Price effective from | Koha item type |
|---|---|---|---|---|---|---|---|---|---|---|---|
| Anna Centenary Library | Anna Centenary Library | 3RD FLOOR, B WING | 18.03.2026 | 327.4601822 REI | 181798 | 18.03.2026 | Reference |